| 000 | 01122nac a22003011i 4500 | ||
|---|---|---|---|
| 003 | EG-ScBUE | ||
| 005 | 20240807113515.0 | ||
| 008 | 240807s2003 ua ab f b 001 0 eng d | ||
| 020 | _a9774247981 | ||
| 040 |
_aEG-ScBUE _beng _erda _cEG-ScBUE _dEG-ScBUE |
||
| 043 | _af-ua--- | ||
| 082 | 0 | 4 |
_a932 _bHAW _222 |
| 100 | 1 |
_aHawass, Zahi A., _eauthor. |
|
| 245 | 1 | 4 |
_aThe treasures of the pyramids / _cZahi Hawass ; introduced by H. E. Mrs. Suzanne Mubarak. |
| 264 | 1 |
_a[Cairo] : _bAmerican University in Cairo Press, _c[2003] |
|
| 300 |
_a400 pages : _billustrations (chiefly color), color maps ; _c37 cm |
||
| 336 |
_2rdacontent _atext _btxt |
||
| 337 |
_aunmediated _2rdamedia _bn |
||
| 338 |
_avolume _bnc _2rdacarrier |
||
| 500 | _a"Project editors, Laura Accomazzo, Valeria Manferto De Fabianis; graphic design, Paola Piacco." | ||
| 504 | _aIncludes bibliographical references and index. | ||
| 650 | 7 |
_aPyramids _zEgypt. _2BUEsh |
|
| 650 | 7 |
_aTombs _zEgypt. _2BUEsh |
|
| 651 | 7 |
_aEgypt _xAntiquities. _2BUEsh |
|
| 655 | _vReading book | ||
| 700 | 1 |
_aMubārak, Sūzān, _eauthor of introduction, etc. |
|
| 942 |
_cNB _2ddc |
||
| 999 |
_c2740 _d2740 |
||